Booher's Rules of Business Grammar: 101 Fast and Easy Ways to Correct the Most Common Errors (Record no. 2257)

MARC details
005 - DATE AND TIME OF LATEST TRANSACTION
control field 20250516072945.0
020 ## - INTERNATIONAL STANDARD BOOK NUMBER
International Standard Book Number 978-0-07-148668-2
082 ## - DEWEY DECIMAL CLASSIFICATION NUMBER
Classification number LECT 415 BOO
100 ## - MAIN ENTRY--PERSONAL NAME
Author name BOOHER, D.
245 ## - TITLE STATEMENT
Title Booher's Rules of Business Grammar: 101 Fast and Easy Ways to Correct the Most Common Errors
260 ## - PUBLICATION, DISTRIBUTION, ETC.
Place of publication, distribution, etc. New York,
Name of publisher, distributor, etc. Mcgraw-Hill,
Date of publication, distribution, etc. 2009.
300 ## - PHYSICAL DESCRIPTION
Extent xxii, 294p.: ill.; table.
Other physical details Bibliography & Index.
Dimensions 20cm.
942 ## - ADDED ENTRY ELEMENTS (KOHA)
Source of classification or shelving scheme Dewey Decimal Classification
Koha item type Books
Holdings
Date last seen Total checkouts Full call number Barcode Cost, replacement price Price effective from Koha item type Lost status Source of classification or shelving scheme Damaged status Not for loan Withdrawn status Home library Current library Shelving location Date acquired Cost, normal purchase price
05/14/2025   LECT 415 BOO 0000008684 81360.00 05/14/2025 Books   Dewey Decimal Classification       College of Business Education Main Library College of Business Education Main Library General Collection 07/16/2012 27120.00
05/14/2025   LECT 415 BOO 0000008685 81360.00 05/14/2025 Books   Dewey Decimal Classification       College of Business Education Main Library College of Business Education Main Library General Collection 07/16/2012 27120.00
05/14/2025   LECT 415 BOO 0000008686 81360.00 05/14/2025 Books   Dewey Decimal Classification       College of Business Education Main Library College of Business Education Main Library General Collection 07/16/2012 27120.00
05/14/2025   LECT 415 BOO 0000008687 81360.00 05/14/2025 Books   Dewey Decimal Classification       College of Business Education Main Library College of Business Education Main Library General Collection 07/16/2012 27120.00
05/14/2025   LECT 415 BOO 0000008688 81360.00 05/14/2025 Books   Dewey Decimal Classification       College of Business Education Main Library College of Business Education Main Library General Collection 07/16/2012 27120.00